<?xml version="1.0" encoding="UTF-8"?>
<collection xmlns="http://www.loc.gov/MARC21/slim">
  <record>
    <leader>00000nam  2200000   4500</leader>
    <controlfield tag="001">$a INLIS000000000008384</controlfield>
    <controlfield tag="005">$a 20260604100902</controlfield>
    <controlfield tag="008">$a 260604###########################0#ind##</controlfield>
    <datafield tag="022" ind1="#" ind2="#">
      <subfield code="a">978-979-044-019-7</subfield>
    </datafield>
    <datafield tag="035" ind1="#" ind2="#">
      <subfield code="a">0010-0626000011</subfield>
    </datafield>
    <datafield tag="082" ind1="#" ind2="#">
      <subfield code="a">614</subfield>
    </datafield>
    <datafield tag="084" ind1="#" ind2="#">
      <subfield code="a">614 EDB b</subfield>
    </datafield>
    <datafield tag="100" ind1=" " ind2="#">
      <subfield code="a">Edberg Mark</subfield>
    </datafield>
    <datafield tag="245" ind1="#" ind2="#">
      <subfield code="a">Buku Ajar Kesehatan Masyarakat</subfield>
      <subfield code="b">Teori Sosial dan Prilaku</subfield>
      <subfield code="c">Edberg Mark</subfield>
    </datafield>
    <datafield tag="246" ind1="#" ind2="#">
      <subfield code="a"/>
    </datafield>
    <datafield tag="260" ind1="#" ind2="#">
      <subfield code="a">Jakarta</subfield>
      <subfield code="b">Buku Kedokteran EGC</subfield>
      <subfield code="c">2010</subfield>
    </datafield>
    <datafield tag="300" ind1="#" ind2="#">
      <subfield code="a">vii, 274 halaman</subfield>
      <subfield code="b">-</subfield>
      <subfield code="c">24 cm</subfield>
      <subfield code="d"/>
    </datafield>
    <datafield tag="336" ind1="#" ind2="#">
      <subfield code="a"/>
    </datafield>
    <datafield tag="337" ind1="#" ind2="#">
      <subfield code="a"/>
    </datafield>
    <datafield tag="338" ind1="#" ind2="#">
      <subfield code="a"/>
    </datafield>
    <datafield tag="520" ind1=" " ind2="#">
      <subfield code="a"/>
    </datafield>
    <datafield tag="650" ind1=" " ind2="#">
      <subfield code="a">Kesehatan Masyarakat</subfield>
    </datafield>
    <datafield tag="700" ind1=" " ind2="#">
      <subfield code="a"/>
    </datafield>
    <datafield tag="740" ind1="#" ind2="#">
      <subfield code="a"/>
    </datafield>
    <datafield tag="856" ind1="#" ind2="#">
      <subfield code="a">Perpustakaan kemendukbangga</subfield>
    </datafield>
    <controlfield tag="Wor">$a 1</controlfield>
  </record>
</collection>
